| 000 | 00734nam a2200217 i 4500 | ||
|---|---|---|---|
| 001 | 96398 | ||
| 003 | ES-MaACL | ||
| 005 | 20230906181916.0 | ||
| 007 | t| | ||
| 008 | 050617s1985 sp ||||1| spa d | ||
| 020 | _a84-7162-977-1 | ||
| 100 | 1 |
_aMajada, Arturo. _975639 |
|
| 245 | 1 | 3 |
_aLa incapacitación, la tutela y sus formularios _b: comentarios, procedimientos, formularios, jurisprudencia, bibliografía, textos legales / _cArturo Majada Planelles. |
| 250 | _a[1ª ed.]. | ||
| 260 |
_aBarcelona : _bBosch, _c1985. |
||
| 300 |
_a510 p. ; _c24 cm. |
||
| 504 | _aApendice documental. -Indices. | ||
| 650 | 4 |
_aIncapacitación- _zEspaña. _9166587 |
|
| 650 | 0 | 4 |
_aTutela- _zEspaña. _917676 |
| 852 |
_aES-MaACL _jL-9056 _bR.110790 |
||
| 999 |
_c96398 _d96398 |
||